[Event "GER-ch U12"]
[Site "Willingen"]
[Date "2016.05.20"]
[Round "9"]
[White "Wensing, Jonathan"]
[Black "Lommel, Hagen"]
[Result "1/2-1/2"]
[WhiteElo "1578"]
[BlackElo "1619"]
[PlyCount "63"]
[EventDate "2016.05.15"]
[EventType "swiss"]
[EventRounds "11"]
[EventCountry "GER"]
[SourceTitle "CBM 172 Extra"]
[Source "ChessBase"]
[SourceDate "2016.06.21"]
[SourceVersion "1"]
[SourceVersionDate "2016.06.21"]
[SourceQuality "1"]

1. e4 c5 2. Nf3 e6 3. d4 cxd4 4. Nxd4 a6 5. Nc3 Qc7 6. Be3 Nf6 7. Bd3 Bb4 8. Qd2 d5 9. f3 e5 10. Nde2 d4 11. Nxd4 exd4 12. Bxd4 Qd6 13. 0-0-0 Nc6 14. Be3 Be6 15. f4 Bxc3 16. Qxc3 Qb4 17. Qc5 Qxc5 18. Bxc5 Nd7 19. Bd6 0-0-0 20. f5 Bxa2 21. b3 Nf6 22. Bc5 Bxb3 23. cxb3 Ne5 24. Bb1 Rhe8 25. Rxd8+ Kxd8 26. Rd1+ Ned7 27. Re1 Ne5 28. h3 Nh5 29. Re3 Nf4 30. g4 f6 31. Kd2 Re7 32. Bb6+ 1/2-1/2

[Event "GER-ch U12"]
[Site "Willingen"]
[Date "2016.05.16"]
[Round "4"]
[White "Lommel, Hagen"]
[Black "Kanzow, Alexander"]
[Result "1-0"]
[WhiteElo "1619"]
[BlackElo "1421"]
[PlyCount "113"]
[EventDate "2016.05.15"]
[EventType "swiss"]
[EventRounds "11"]
[EventCountry "GER"]
[SourceTitle "CBM 172 Extra"]
[Source "ChessBase"]
[SourceDate "2016.06.21"]
[SourceVersion "1"]
[SourceVersionDate "2016.06.21"]
[SourceQuality "1"]

1. e4 e5 2. Nf3 Nc6 3. Bb5 f5 4. d3 fxe4 5. dxe4 Nf6 6. 0-0 Bc5 7. Qd3 d6 8. Qc4 Qe7 9. Nc3 a6 10. Bxc6+ bxc6 11. Qa4 Bd7 12. Qb3 h6 13. h3 Be6 14. Qb7 Kd7 15. Rd1 Bc4 16. Na4 Bxf2+ 17. Kxf2 Nxe4+ 18. Kg1 Bb5 19. Nb6+ Ke6 20. Nxa8 Rxa8 21. Qxa8 d5 22. Qc8+ Kf6 23. Be3 d4 24. Nxd4 exd4 25. Bxd4+ Kg6 26. Qg4+ Kh7 27. Qxg7+ Qxg7 28. Bxg7 Kxg7 29. Rd7+ Kf6 30. Rd4 Ke5 31. Rb4 a5 32. Rxb5+ cxb5 33. Re1 c5 34. g4 Kf4 35. Kg2 a4 36. Rd1 b4 37. Rd3 Nf6 38. Rf3+ Ke5 39. Rf5+ Ke6 40. Rxc5 Nd5 41. Rxd5 Kxd5 42. h4 Ke4 43. g5 hxg5 44. hxg5 Kf5 45. Kf3 Kxg5 46. Ke4 Kf6 47. Kd4 b3 48. axb3 axb3 49. cxb3 Ke6 50. Kc5 Kd7 51. Kb6 Kc8 52. b4 Kb8 53. b5 Ka8 54. Kc7 Ka7 55. b6+ Ka6 56. b7 Ka5 57. b8Q 1-0

[Event "GER-ch U12"]
[Site "Willingen"]
[Date "2016.05.15"]
[Round "2"]
[White "Lommel, Hagen"]
[Black "Yueksel, Baran"]
[Result "1-0"]
[WhiteElo "1619"]
[BlackElo "1422"]
[PlyCount "69"]
[EventDate "2016.05.15"]
[EventType "swiss"]
[EventRounds "11"]
[EventCountry "GER"]
[SourceTitle "CBM 172 Extra"]
[Source "ChessBase"]
[SourceDate "2016.06.21"]
[SourceVersion "1"]
[SourceVersionDate "2016.06.21"]
[SourceQuality "1"]

1. e4 d6 2. d4 Nf6 3. Nc3 g6 4. f4 Bg7 5. Nf3 0-0 6. Bd3 Nbd7 7. 0-0 e5 8. dxe5 dxe5 9. Bc4 Nc5 10. Qxd8 Rxd8 11. Nxe5 Be6 12. Bxe6 Nxe6 13. Be3 b6 14. Rad1 Ne8 15. Nc6 Rxd1 16. Rxd1 Nd6 17. Nd4 Nc5 18. e5 Nc4 19. Bc1 f6 20. exf6 Bxf6 21. b3 Nd6 22. Nd5 Bxd4+ 23. Rxd4 Nf5 24. Rd1 c6 25. Nf6+ Kg7 26. Bb2 Kf7 27. Nxh7 Ne3 28. Ng5+ Kg8 29. Rd6 Kf8 30. Rxg6 Rd8 31. Ne6+ Nxe6 32. Rxe6 Ng4 33. Re1 Rd2 34. h3 Rxc2 35. Ba3+ 1-0

[Event "Magdeburg op-B"]
[Site "Magdeburg"]
[Date "2014.06.11"]
[Round "6"]
[White "Lommel, Hagen"]
[Black "Gutschenreiter, Donato"]
[Result "1/2-1/2"]
[WhiteElo "1209"]
[BlackElo "1362"]
[PlyCount "83"]
[EventDate "2014.06.08"]
[EventType "swiss"]
[EventRounds "9"]
[EventCountry "GER"]
[SourceTitle "CBM 160 Extra"]
[Source "ChessBase"]
[SourceDate "2014.07.01"]
[SourceVersion "1"]
[SourceVersionDate "2014.07.01"]
[SourceQuality "1"]

1. e4 e6 2. d4 d5 3. Nc3 Nf6 4. e5 Nfd7 5. Qh5 c5 6. Nf3 g6 7. Qh3 cxd4 8. Nxd4 Nxe5 9. Qg3 Nbc6 10. Nxc6 Nxc6 11. Bf4 a6 12. a3 Bg7 13. Bc7 Bxc3+ 14. Qxc3 d4 15. Qg3 Qd5 16. Be2 0-0 17. 0-0 Re8 18. b3 Ne7 19. Bc4 Qd7 20. Qd6 Qxd6 21. Bxd6 Nf5 22. Be5 Rd8 23. Rad1 b5 24. Bd3 Bb7 25. Bxf5 exf5 26. Rxd4 Rxd4 27. Bxd4 Re8 28. f3 g5 29. Kf2 h5 30. Re1 Re6 31. Re5 Rxe5 32. Bxe5 Kh7 33. g3 Kg6 34. f4 f6 35. Bd6 Kf7 36. Ke3 Ke6 37. Bc7 Kd7 38. Bb8 Be4 39. c3 Kc6 40. Kd4 Bb1 41. Ba7 Ba2 42. b4 1/2-1/2

[Event "Magdeburg op-B"]
[Site "Magdeburg"]
[Date "2014.06.09"]
[Round "3"]
[White "Bardorz, Stefan"]
[Black "Lommel, Hagen"]
[Result "0-1"]
[WhiteElo "1047"]
[BlackElo "1209"]
[PlyCount "122"]
[EventDate "2014.06.08"]
[EventType "swiss"]
[EventRounds "9"]
[EventCountry "GER"]
[SourceTitle "CBM 160 Extra"]
[Source "ChessBase"]
[SourceDate "2014.07.01"]
[SourceVersion "1"]
[SourceVersionDate "2014.07.01"]
[SourceQuality "1"]

1. e4 e5 2. Nf3 Nc6 3. d4 exd4 4. Nxd4 Bc5 5. Be3 Qf6 6. c3 Nge7 7. Bc4 Ne5 8. Nd2 Nxc4 9. Nxc4 Ng6 10. 0-0 0-0 11. Qh5 Bxd4 12. Bxd4 Qh4 13. Qxh4 Nxh4 14. Rfe1 d6 15. e5 Be6 16. Ne3 c5 17. exd6 cxd4 18. Nc2 Rad8 19. Re4 Nf5 20. g4 Nxd6 21. Rxd4 Nc4 22. Rxd8 Rxd8 23. b3 Nb6 24. h3 Rd3 25. Ne3 Nd5 26. Nxd5 Bxd5 27. Kh2 Rxc3 28. Rd1 Rc5 29. b4 Rb5 30. a4 Rxb4 31. Rxd5 h6 32. a5 a6 33. Kg3 Kf8 34. Re5 f6 35. Re3 Ra4 36. Rb3 Rxa5 37. Rxb7 Ra3+ 38. Kg2 a5 39. Ra7 a4 40. Kh2 Ra1 41. Kg2 a3 42. Kh2 a2 43. Kg2 Ke8 44. Kf3 Kd8 45. Rxg7 Rb1 46. Ra7 a1Q 47. Rxa1 Rxa1 48. Kg3 Ke7 49. f3 Kf7 50. Kh4 Kg6 51. f4 f5 52. gxf5+ Kxf5 53. Kh5 Kxf4 54. h4 Rh1 55. Kxh6 Rxh4+ 56. Kg6 Rh3 57. Kf6 Rh6+ 58. Ke7 Kf5 59. Kf7 Rh7+ 60. Ke8 Kf6 61. Kf8 Rh8# 0-1

[Event "Rheinland Pfalz op 5th"]
[Site "Worms"]
[Date "2013.06.01"]
[Round "5"]
[White "Herzog, Robert"]
[Black "Lommel, Hagen"]
[Result "1/2-1/2"]
[WhiteElo "1456"]
[BlackElo "909"]
[PlyCount "107"]
[EventDate "2013.05.30"]
[EventType "swiss"]
[EventRounds "7"]
[EventCountry "GER"]
[SourceTitle "EXT 2014"]
[Source "ChessBase"]
[SourceDate "2013.11.20"]
[SourceVersion "1"]
[SourceVersionDate "2013.11.20"]
[SourceQuality "1"]

1. e4 e5 2. Nf3 Nc6 3. Be2 Nf6 4. d3 h6 5. Nc3 Bb4 6. Bd2 Bc5 7. a3 d6 8. 0-0 0-0 9. Qc1 b6 10. b4 Bd4 11. Nxd4 Nxd4 12. Bd1 Bb7 13. Ne2 Nxe2+ 14. Bxe2 c5 15. Bf3 Qd7 16. c4 Rfe8 17. Be2 Rad8 18. Bc3 Qe6 19. a4 cxb4 20. Bxb4 a5 21. Bd2 Rc8 22. Qb2 Rc6 23. Bxa5 bxa5 24. Qxb7 Rcc8 25. Qb2 Rb8 26. Qc3 Ra8 27. Rfb1 Qd7 28. Rb5 Qc7 29. Rab1 Red8 30. h3 d5 31. exd5 Nxd5 32. Qd2 Nb4 33. Qe3 f6 34. Rd1 Rd4 35. Bf3 Rad8 36. Be4 Nc2 37. Qg3 Rxe4 38. Qf3 Red4 39. Rb7 Qc8 40. Rdb1 Nb4 41. Rb5 Rxd3 42. Qe4 R3d4 43. Qg6 Rd1+ 44. Rxd1 Rxd1+ 45. Kh2 Rd4 46. Rxa5 Rxc4 47. Ra7 Rc7 48. Rxc7 Qxc7 49. Qe8+ Kh7 50. Qb5 e4+ 51. g3 Nd3 52. Qf5+ Kh8 53. Qxe4 Nxf2 54. Qe2 1/2-1/2